Statistiken für PDC Order Of Merit Spitzenreiter (Darts)

Klicken Sie hier um das Quiz zu spielen!

Allgemein

  • Dieses Quiz wurde 434 mal gespielt
    (73 seit der letzten Aktualisierung)
  • Das Durchschnittsergebnis liegt bei 8 aus 13

Antwortstatistiken

ZeitraumNationalitätSpieler% Korrekt
2014–2020NiederlandeMichael van Gerwen
100%
1996, 2000, 2002-2004, 2009-2013EnglandPhil Taylor
100%
2021–2022WalesGerwyn Price
98%
2022SchottlandPeter Wright
98%
2023EnglandMichael Smith
95%
2024–heuteEnglandLuke Humphries
93%
2008NiederlandeRaymond van Barneveld
87%
2003KanadaJohn Part
61%
1994, 1995EnglandDennis Priestley
39%
2000, 2001England
Peter Manley
30%
2005–2007EnglandColin Lloyd
21%
1993, 1994, 1997, 1998, 2001, 2002EnglandAlan Warriner
15%
1995, 1996, 1998–2000EnglandRod Harrington
11%

Verteilung der Resultate

Perzentil nach korrekt beantworteten Fragen

Anzahl Personen mit jedem Resultat

Ihre Resultats-Entwicklung

Sie haben dieses Quiz seit der letzten Aktualisierung nicht gespielt